000 00381nam a2200133Ia 4500
008 191014s9999 xx 000 0 und d
020 _a0-13-394552-9
082 _a621.38153
_bBOY
100 _aRobert Boylestad, louis Nashelsky
_920575
245 0 _aElectronic Devices and Circuit Theory (Sixth Edition)
260 _aUK
_bPrentice Hall
_c1996
300 _aXx,950
942 _cBK
999 _c531169
_d531169